[Event "Chess Classic"]
[Site "London"]
[Date "2016.12.10"]
[Round "2"]
[White "Anand, Viswanathan"]
[Black "Vachier Lagrave, Maxime"]
[Result "1-0"]
[WhiteElo "2779"]
[BlackElo "2804"]
[EventDate "2016.??.??"]
[Annotator "Bojkov,Dejan"]
[PlyCount "65"]
[Beauty "8178423056416"]
[EventType "swiss"]
[EventRounds "9"]
[EventCountry "CAN"]
[WhiteClock "0:12:11"]
[BlackClock "0:22:24"]

1.e4 c5 2.Nf3 d6 3.d4 cxd4 4.Nxd4 Nf6 5.Nc3 a6 6.h3 e5 7.Nb3 Be6 8.f4 ( {More common is} 8.Be3 Be7 9.f4 Nc6 10.f5 Bxb3 11.axb3 Nb4 12.g3 d5 {with equality in Mamedov,R (2655)-Karjakin,S (2779) Shamkir 2016} ) 8...Nbd7 9.g4 Rc8 {Previously:} ( 9...b5 {has been tested, and Black did well after} 10.Bg2 ( {However one wonders what would he have played in case of} 10.f5 $1 Bxb3 11.axb3 b4 12.Nd5 $1 {with the idea of} 12...Nxe4 13.Qf3 Qh4+ 14.Ke2 Ng3+ 15.Kd1 Nxh1 16.Nc7+ {and White has a decisive attack.} ) 10...Nb6 11.g5 Nfd7 12.f5 Bc4 13.Na5 Rc8 14.Qd2 b4 {Khismatullin,D (2714)-Duda,J (2563) Yerevan 2014} ) 10.f5 Bxb3 {The alternative is not good:} ( 10...Bc4 $6 11.Bxc4 Rxc4 12.Qe2 {followed by g4-g5, and White establishes firm control over the vital d5-square.} ) 11.axb3 d5 {Many strong GMs considered the typical exchange sacrifice:} ( 11...Rxc3 {critical. It indeed is, and the position after} 12.bxc3 Nxe4 13.h4 Qb6 14.Qf3 d5 {is obviously in Anand's preparation file.} ) 12.exd5 Bb4 13.Bg2 Qb6 14.Bd2 e4 15.Qe2 O-O 16.O-O-O {White is better as his opponent will need time to take the pawn on d5.} 16...Nc5 17.Kb1 Rfd8 ( 17...Bxc3 18.Bxc3 {is premature as the d5-pawn is not hanging.} ) 18.Rhe1 {Brings the rook into the game and targets the e4-pawn.} ( 18.g5 Bxc3 19.Bxc3 Nxd5 ) 18...a5 $1 {Strong counter-play by Vachier.} 19.Qf2 {Perhaps objectively better was the brave} ( 19.Nxe4 $5 Ncxe4 20.Bxe4 Re8 21.Qd3 Bxd2 22.Rxd2 {It is not clear how Black can make use of the pin on the e-file.} ) 19...Qc7 20.Bf4 {Anand did not like the folowing sharp line:} ( 20.g5 Nxd5 21.Nxe4 Nd3 $1 22.cxd3 Qc2+ 23.Ka1 Qxb3 24.Rc1 Bxd2 25.Qxd2 Nb4 26.Nc3 a4 {with the idea a4-a3 when the white king is too exposed.} ( 26...Rxd3 {can be met with} 27.Qe2 {when} 27...g6 {does not help due to} 28.Qe8+ Rxe8 29.Rxe8+ Kg7 30.f6# ) ) 20...Qb6 21.Be5 {Another way to sacrifice the exchange was:} ( 21.Nxe4 Bxe1 22.Nxf6+ Qxf6 23.Rxe1 ) 21...a4 22.bxa4 Bxc3 23.Bxc3 Nxd5 24.Rxd5 {The only move: After} ( 24.Bd4 Qb4 $1 {Black takes over the initiative.} ) 24...Rxd5 25.Bxe4 Rd6 26.a5 Qb5 ( 26...Qd8 27.Bf3 {is a clear edge for White as well.} ) 27.Qe2 $1 {After the queen swap, a bishop and two pawns are clearly better than a rook in the endgame.} 27...Qxe2 28.Rxe2 Rd1+ {A blunder. The French GM tries to avoid the gloomy endgame after:} ( 28...Nxe4 29.Rxe4 Rdc6 30.Ka2 Rc4 31.Re7 R4c7 32.Rxc7 Rxc7 33.Kb3 {when if White can put the bishop on d4 and the pawn on c3, he is technically winning (Vachier). But the move in the game leads to a quick disaster.} ) 29.Ka2 Re8 30.Bf3 Rxe2 31.Bxe2 Rc1 32.Bf3 Rxc2 33.Bxb7 $1 {Black resigned, not waiting to see the line:} ( 33.Bxb7 Nxb7 34.a6 Re2 35.axb7 Re8 36.Be5 ) 1-0

[Event "Chess Classic"]
[Site "London"]
[Date "2016.12.16"]
[Round "7.4"]
[White "Nakamura, Hikaru"]
[Black "Vachier Lagrave, Maxime"]
[Result "1-0"]
[WhiteElo "2779"]
[BlackElo "2804"]
[EventDate "2016.??.??"]
[Annotator "Bojkov,Dejan"]
[PlyCount "73"]
[Beauty "7907190004304"]
[EventType "swiss"]
[EventRounds "9"]
[EventCountry "CAN"]
[WhiteClock "0:23:56"]
[BlackClock "0:10:49"]

1.e4 c5 2.Nf3 d6 3.d4 cxd4 4.Nxd4 Nf6 5.Nc3 a6 6.Bg5 e6 7.f4 h6 8.Bh4 Qb6 {Life is funny. Yesterday Nakamura lost in this line as Black; today he is checking out his opponent's prep there. "I borrowed this line from Maxime, but after my loss yesterday in which I practically made no move I was not sure how should Black defend."} 9.a3 Be7 10.Bf2 Qc7 11.Qf3 Nbd7 12.O-O-O b5 13.g4 Bb7 {A relatively rare move, although very normal for the Najdorf.} ( {Vachier-Lagrave is deviating from both his game with Giri and Caruana-Nakamura from yesterday. Those saw:} 13...g5 14.h4 gxf4 15.Be2 Rg8 ( 15...b4 {was played yesterday in the American battle.} ) 16.Rdg1 {Giri,A (2790)-Vachier Lagrave,M (2788) Stavanger 2016} ) 14.Bg2 Rc8 ( 14...g5 15.h4 gxf4 16.g5 Ne5 17.Qxf4 Nh5 18.Qd2 hxg5 19.hxg5 O-O-O 20.Kb1 Nc4 {was the course of the rapid game Naiditsch,A (2702)-Guliyev,N (2545) Le Port Marly 2012} ) ( {The immediate} 14...O-O-O {is also a possibility although White should be better once that he advances the kingside pawns.} ) 15.Kb1 g5 {Black needs to secure some central squares for his pieces.} ( {It is obvious Black can never castle "into it"} 15...O-O 16.h4 $1 {as the hook on h6 will make it incredibly easy for White to open files and checkmate.} ) 16.Qh3 ( {Naturally not} 16.fxg5 hxg5 {followed by Nd7-e5 and Black will have his dream Najdorf.} ) 16...Nc5 {Only this is a novelty. Some email games saw:} ( 16...Nh7 {to which besides the move} 17.e5 ( {White may also try} 17.f5 $5 {which definitely looks interesting.} ) 17...Bxg2 18.Qxg2 gxf4 19.exd6 Bxd6 20.Rhe1 {with a mess in Marez,S (2444)-Szymanski,R (2439) corr. 2012} ) ( 16...gxf4 {is always met with} 17.g5 ) 17.Rhe1 {Since Black is not castling, White will try to open the game in the center.} 17...h5 {This works well for White, but it is not obvious what to do. The capture on g5 is an obvious threat. If:} ( {After} 17...gxf4 18.g5 Nfd7 {White is going to soften the e6 pawn with} 19.g6 $1 fxg6 20.Nxe6 Nxe6 21.Qxe6 Ne5 22.Bd4 {with strong attack for White.} ) 18.Nf5 $1 {Not only fun and risk free (Nakamura) but very typical and strong. Vachier-Lagrave's king is getting exposed and the power of the white rooks on the central files-is unleashed.} ( 18.fxg5 {would allow the black knight a chance to go to the e5 square.} 18...Nxg4 ) 18...Ncxe4 ( {If Black accepts the sacrifice} 18...exf5 19.exf5 Bxg2 20.Qxg2 {the problems come from the open e-file and the shaky posiiton of the f6 knight. Once that it is removed, Nc3-d5 follows and this is a killer. For example:} 20...gxf4 21.g5 Rg8 22.Bd4 Kd8 23.Qd2 Rxg5 24.Bxf6 Bxf6 25.Nd5 {and wins.} ) 19.Bxe4 Nxe4 ( {Instead} 19...Bxe4 20.Nxe7 Kxe7 21.fxg5 {drops a piece.} ) 20.Bd4 {An important attacking-defensive move.} ( 20.Nxe4 $2 Bxe4 21.Rxe4 $2 Qxc2+ ) 20...Rg8 21.Nxe7 $1 {The bishop seems to be a bad piece but it is the key defender. Once that it goes away, the force of White's attack would be multiplied by the opposite-colored bishops.} 21...Kxe7 22.gxh5 gxf4 ( {One line that demonstrates the OCB attack runs} 22...Nxc3+ 23.Bxc3 gxf4 24.h6 e5 25.h7 Rh8 26.Bb4 $5 Qxc2+ 27.Ka1 Rcd8 28.Rxe5+ {and this is basically it.} ) 23.Qh4+ Kf8 24.Ka1 $5 {A clever move that side-steps the check after Qc7xc2+.} ( {White wanted to capture on f4, but disliked} 24.Qxf4 e5 25.Qh6+ Ke7 26.Qh7 ( {Instead White should go for the familiar OCB attack with} 26.Nxe4 Bxe4 27.Bc3 {with a clear advantage.} ) 26...Nf6 {"and it is not so clear anymore" (Nakamura)} ) ( {Nakamura missed that he could have transposed the moves:} 24.h6 $1 e5 25.h7 Rh8 26.Ka1 $1 {is the most convincing win} 26...exd4 ( 26...Nxc3 27.Qh6+ Ke7 28.Bxc3 {with the threat Bc3-b4.} 28...a5 29.Bxa5 $1 ) 27.Nxe4 {Black is helpless.} ) 24...b4 {This makes things easier for White.} ( 24...Qe7 25.Qxf4 ( {"No, no, I do not take the piece with"} 25.Qxe7+ Kxe7 26.Nxe4 Bxe4 27.Rxe4 {"as after"} 27...e5 {"he has all those pawns in the center and I might be the one in some trouble" Nakamura.} ) 25...Qg5 26.Rxe4 Qxf4 27.Rxf4 e5 28.Rff1 {"at the very least Black is going to suffer for very long time" Nakamura.} ) 25.Nxe4 $1 {White wins; he had calculated everything till the end. MVL's idea was:} ( 25.axb4 e5 26.Nxe4 Bxe4 27.Rxe4 Qxc2 28.Ree1 Qa4+ 29.Kb1 Qc2+ {with perpetual.} ) 25...Bxe4 26.Rxe4 Qxc2 ( {Or} 26...e5 27.h6 exd4 28.h7 Rh8 29.Qh6# ) 27.Ree1 bxa3 28.Qxf4 ( {Of course not:} 28.bxa3 $4 Rg2 {when Black is checkmating.} ) 28...axb2+ 29.Bxb2 Rg5 {Black is threatening mate, but it is White to check first.} 30.Qxd6+ Kg8 ( {There is checkmate on the other side:} 30...Ke8 31.Rxe6+ fxe6 32.Qxe6+ Kf8 33.Qf6+ Ke8 34.Re1+ ) 31.Rg1 Qa4+ 32.Ba3 {The most convincing. Nakamura also knew that he is winning after:} ( 32.Qa3 Qxa3+ 33.Bxa3 Rxg1 34.Rxg1+ Kh7 35.Bc1 ) 32...Rxg1 33.Rxg1+ Kh7 34.Qd3+ Kh6 ( 34...f5 35.Qd6 Qe8 36.Qf4 Qxh5 37.Bb2 {would be soon mate too. Say} 37...Rg8 38.Qc7+ Kh6 39.Bg7+ Kh7 40.Bf8+ ) 35.Rg6+ $1 {A nice little move to force the black king uncover itself.} 35...Kxh5 ( 35...fxg6 36.Qxg6# ) 36.Rg1 f5 37.Qf3+ {It is either mate or queen gain.} 1-0

[Event "Chess Classic"]
[Site "London"]
[Date "2016.12.18"]
[Round "9.5"]
[White "Aronian, Levon"]
[Black "Topalov, Veselin"]
[Result "0-1"]
[WhiteElo "2785"]
[BlackElo "2760"]
[EventDate "2016.??.??"]
[Annotator "Bojkov,Dejan"]
[PlyCount "106"]
[Beauty "6804704600081"]
[EventType "swiss"]
[EventRounds "9"]
[EventCountry "CAN"]
[WhiteClock "0:33:27"]
[BlackClock "0:19:41"]

1.c4 g6 2.Nc3 c5 3.g3 {It might sound strange to try and win against the clearly out-of-form Topalov in a slow English opening, but this way of playing is proven to be the most difficult for someone who has a bad tournament. The longer you apply the pressure, the better the chance is that this player collapses under pressure.} 3...Bg7 4.Bg2 Nc6 5.Nf3 d6 6.O-O e6 7.e3 Nge7 8.d4 O-O 9.Re1 {Quite a rare move.} ( {Instead} 9.d5 {is also possible and} 9...Na5 10.Nd2 exd5 11.cxd5 b5 $5 {was the course of the game Grandelius,N (2649)-Li,C (2755) Stavanger 2016} ) ( 9.dxc5 {is definitely a move too.} ) ( {And} 9.b3 {is sort of a main line.} ) 9...a6 {A logical novelty. Black starts his play on the queenside.} ( {In all the games so far, Black continued with} 9...Re8 10.b3 Rb8 11.Bb2 cxd4 12.exd4 d5 {with complex play in Grischuk,A (2783)-Dominguez Perez,L (2754) Beijing 2013} ) 10.Bd2 Rb8 11.Rc1 b6 {Obviously, Black disliked the obvious:} ( 11...b5 {The reason might be the line:} 12.dxc5 dxc5 13.Ne4 Bxb2 14.cxb5 $1 Bxc1 ( 14...Rxb5 15.Rxc5 ) 15.Nf6+ Kg7 16.Qxc1 Kxf6 17.bxc6 Kg7 18.Qxc5 {with a fantastic position for White.} ) 12.Ne2 {Aronian stopped the queenside play, but since his knight no longer has access to the center, Topalov can start central play.} 12...e5 13.Bc3 h6 {A useful move that takes away the g5-square from the white knight.} ( 13...b5 $5 ) 14.d5 {Aronian plays against the black knight.} 14...Nb4 ( {In bad or good shape, Topalov is Topalov. No one would really expect a gloomy retreat like} 14...Na7 ) 15.Ra1 {With the obvious threat, 16.a3 to trap the knight.} ( {Trading the bishop for a knight is never a good idea} 15.Bxb4 cxb4 ) 15...b5 $5 {The point behind the previous move. Black sacrifices a piece for two-three pawns.} ( 15...a5 16.a3 Na6 17.Nd2 {would work well for White. The knight on a6 is badly misplaced.} ) 16.a3 bxc4 17.axb4 cxb4 18.Bd2 Nxd5 19.Qc1 {Now if Black consolidates, he will be the clear favorite. Therefore Aronian hurries to create some damage to the pawns.} 19...c3 $1 {This should have been foreseen in advance.} ( 19...Qc7 {does not work due to} 20.Nxe5 $1 Nxe3 21.Bxe3 dxe5 22.Bxh6 {with a clear edge for White.} ) 20.bxc3 b3 21.Qb1 ( 21.Qb2 $5 {might have been a tad more precise.} ) 21...Nf6 {Intending 22...Bc8-f5.} 22.Qb2 ( 22.e4 $5 {can be met with another pawn sacrifice:} 22...Be6 23.Rxa6 b2 {when the b2 passer is more than annoying.} ) 22...Qc7 23.c4 $1 {Aronian gets operating room for his pieces.} ( {Black was ready to sacrifice another pawn after} 23.Ra3 Be6 24.Rxa6 Nd7 $1 {with the idea Nd7-c5-d3 (or a4)!} ) 23...Qxc4 24.Nc3 {Now Bg2-f1 and Re1-c1 are always ideas here.} 24...Be6 25.Rec1 Nd7 {The queen is not even blinking an eye...} 26.e4 ( {Since in case of the immediate} 26.Bf1 Qg4 {the queen is nicely shifted to the kingside.} ) 26...Nc5 27.Bf1 Qb4 28.Be3 Rfc8 29.Nd2 a5 {Both sides are consistently shifting their pieces to the queenside where is the actual battleground. And since the black pawns are becoming very dangerous, Aronian needs to swap off some pieces.} 30.Bxc5 Rxc5 31.Ra4 Qb7 32.Bc4 Qc6 {But in the process, Topalov gets a lot of activity.} 33.Bd5 Bxd5 34.exd5 Qd7 ( 34...Qc7 {to keep the pin was more to the point.} ) 35.Ra3 a4 {It should be added that Black was very low on time at this stage of the game.} 36.Nxa4 Rxd5 37.Nxb3 e4 38.Qa2 Qf5 39.Re1 Rdb5 40.Rc1 d5 {Time trouble is over, it is time to take stock. Although Black lost a pawn, he is hardly losing anything. A bishop is almost always better than a knight in the endgame. There are very few pawns left, and they are on the same flank. In the worst possible scenario, Topalov can hope to trade them all and get into one of the many theoretical draws where the knights are involved. Speaking about the knights, they are kind of lost on the queenside at the moment.} 41.Nac5 d4 42.Ra7 d3 {Once again, the black pawns are becoming extremely dangerous.} 43.Rc7 h5 {An excellent move from every angle. From an attacking point of view, it weakens the kingside or brings a "nail" into the h3-square. From a defensive point of view: trade pawns.} 44.Qa4 h4 45.Qxe4 {Aronian had enough of these pawns and decided to force a draw. A correct decision, but after...} 45...Qxe4 46.Nxe4 Rxb3 47.gxh4 $4 {the Armenian GM badly errs. Correct was} ( 47.Rd7 {to take care of the passer at once. After} 47...h3 48.Rd1 Bh6 {he should take the pawn carefully with} 49.Nc5 ( {White cannot capture the pawn at once due to the back-rank mate} 49.R7xd3 $4 Rxd3 50.Rxd3 Rb1+ ) 49...Rb1 50.Rxd3 {when the point should be split.} ) 47...Bh6 48.Rf1 {This sets a small trap, but Black does not need to fall into it. The intermediate check does not help:} ( 48.Rc8+ Rxc8 49.Rxc8+ Kg7 50.Rd8 Rb1+ 51.Kg2 d2 52.Nxd2 ( {Or} 52.Rxd2 Bxd2 53.Nxd2 Rb2 {when Black should also win. The typical plan is to bring the king to e2 for instance and sacrifice the exchange back in the proper moment.} ) 52...Rd1 {and the knight is lost to the pin.} ) ( {Here} 48.Rd1 {is already slow due to} 48...Rb1 49.Rxb1 Rxb1+ 50.Kg2 d2 {and Black wins.} ) 48...R3b4 {Aronian's trap is revealed in the line:} ( 48...Rb1 49.Rd7 Rxf1+ 50.Kxf1 Rb1+ 51.Kg2 d2 52.Nxd2 Rd1 53.Ne4 Rxd7 54.Nf6+ Kg7 55.Nxd7 ) 49.f3 ( {Or:} 49.Ng5 Rxh4 50.Nxf7 Bf4 51.Rd7 Rh7 $1 52.Rxd3 Rxf7 ) 49...Rb2 {Black is winning, the d2-passer is too strong.} 50.Nf6+ Kg7 51.Ng4 d2 52.Rd7 ( 52.Nxh6 Kxh6 53.Rd7 Re8 {followed by Re8-e1 would be similar to the game.} ) 52...Re8 53.Nf2 Re1 {With the unstoppable threat Rb2-b1!} 0-1

[Event "Tata Steel Challengers"]
[Site "?"]
[Date "2017.01.14"]
[Round "1.6"]
[White "Ragger, Markus"]
[Black "Xiong, Jeffery"]
[Result "1-0"]
[WhiteElo "2697"]
[BlackElo "2667"]
[EventDate "2017.??.??"]
[Annotator "Bojkov,Dejan"]
[PlyCount "81"]
[Beauty "7632291105854"]
[EventType "game"]
[WhiteClock "0:51:32"]
[BlackClock "0:56:07"]

1.e4 c5 2.Nf3 d6 3.d4 Nf6 4.Nc3 cxd4 5.Nxd4 a6 6.h3 {Surprise! According to my Megabase, Ragger have never played like this before.} ( 6.Be3 {is his usual choice.} ) 6...e5 7.Nde2 b5 {Xiong also deviates from his usual choice.} ( {He played} 7...h5 {twice, the more recent example continued} 8.Bg5 Be6 9.Bxf6 Qxf6 10.Nd5 Qd8 11.Nec3 g6 12.Bc4 Bh6 {Kritz,L (2583)-Xiong,J (2473) Richardson 2015} ) 8.Ng3 {Solid, whereas} ( 8.Nd5 {leads to very exciting variations and was tested by the Najdorf-specialist Vachier-Lagrave.} ) 8...Qc7 9.Bd3 {The alternative was:} ( 9.a4 b4 10.Nd5 Nxd5 11.Qxd5 Nc6 12.Be3 Be6 13.Qd2 g6 {when Black was more or less OK in Fedoseev,V (2673)-Kokarev,D (2634) Khanty-Mansiysk 2016} ) 9...Be6 {From here on the players will be out of the book. A predecessor saw Black doing quite well after:} ( 9...g6 10.O-O Bg7 11.Bg5 Nbd7 12.Re1 O-O 13.Nf1 b4 14.Nb1 Bb7 15.Nbd2 d5 $1 {Motylev,A (2663)-Sarana,A (2457) Tallinn 2016} ) 10.O-O Nbd7 11.f4 Be7 12.Qf3 {Black is not afraid of:} ( 12.f5 Bc4 {yet. Say} 13.a3 O-O 14.Qf3 a5 {looks good for him.} ) 12...O-O {The most reliable way against White's kingside expansion is:} ( 12...exf4 13.Bxf4 Ne5 ) 13.Kh1 {An useful prophylactic move. Ragger feels that his opponent is not going to capture on f4. The immediate:} ( 13.f5 {would not bring to the desired effect as Black has counterplay with} 13...Bc4 14.a3 ( 14.Bg5 b4 15.Nd1 Bb5 $5 16.Ne3 Bc6 {to cover d5 is an idea.} ) 14...a5 15.Bg5 b4 {and the white knight does not reach the d5-square.} ) 13...Qc6 {Once again simpler and stronger was:} ( 13...exf4 14.Bxf4 Ne5 ) 14.f5 Bc4 15.Bg5 Rac8 $6 {That allows a strong sacrifice.} ( {Better was} 15...b4 16.Nd1 Bxd3 17.cxd3 h6 18.Bxf6 Nxf6 19.Ne3 Qc5 {hitting the knight on e3 and preventing the idea Ng3-h5 that would secure the d5-outpost for White forever. Although White should be better here as well.} ) 16.Nh5 b4 17.Bxf6 Nxf6 {Or:} ( 17...Bxf6 18.Bxc4 bxc3 19.Bd5 {with a clear edge for White thanks to the opposite-color bishops.} ) 18.Nxf6+ Bxf6 19.Bxc4 $1 {The point. The pawn on c2 is irrelevant when it comes for the d5-outpost. Albeit typical, this idea is very pretty.} ( {The timid} 19.Ne2 d5 $1 {would be great for Black.} ) 19...Qxc4 20.Nd5 Qxc2 21.b3 $5 {Very cool move. The compensation for the pawn is more than obvious. The bishop on f6 hardly deserves it's name. neither is the pawn on d6 "extra." White could have won the pawn back with:} ( 21.Rf2 Qc5 22.Nxf6+ gxf6 23.Qg4+ Kh8 24.Qh4 Rg8 25.Qxf6+ Rg7 {but that allows some counterplay on the half-open "g" file. The black king will be safer too.} ) 21...a5 ( 21...Bd8 22.Nxb4 {would leave Black suffering for nothing.} ) 22.Qe3 $1 {Domination. Each of the white pieces is better than the opposite ones.} 22...Kh8 ( 22...Qc5 {would not stop the attack-} 23.Nxf6+ gxf6 24.Qh6 ) ( 22...Bd8 $4 {drops a rook to} 23.Rac1 ) 23.Rac1 {A neat move. Compare to} ( 23.Nxf6 Rc3 24.Qg5 gxf6 25.Qxf6+ Kg8 {when the black rook defends him from attacks along the third rank. It also threatens Rc3-g3.} ) 23...Qxa2 24.Nxf6 Rxc1 {Or:} ( 24...gxf6 25.Qh6 Kg8 26.Rf3 Rxc1+ 27.Qxc1 {when Black has to sacrifice his queen to avoid the worst.} ) 25.Rxc1 gxf6 26.Qh6 Kg8 27.Qxf6 {A slip in a won position. White would have finished a perfect game after:} ( 27.Rf1 $1 Qxb3 28.Qxf6 Qg3 29.Rf3 Qg7 30.Qh4 Kh8 31.Rg3 {winning the queen and the game.} ) 27...Qd2 28.Rf1 Re8 {Xiong returns the favor.} ( {Believe it or not, but White has no win after:} 28...h5 $3 29.Rf3 Kh7 {when the black queen is just in time to first defend the king} 30.Rg3 Qh6 31.Qe7 {And then force perpetual with:} 31...a4 32.bxa4 b3 33.Rxb3 Qc1+ 34.Kh2 Qf4+ {The queen is everywhere!} ) 29.Rf3 {Now the atatck is irresistable.} 29...a4 30.Rg3+ Kf8 31.Qg7+ Ke7 32.f6+ Kd8 ( {Or:} 32...Ke6 33.Qg4+ Kxf6 34.Qd7 Rf8 35.bxa4 b3 36.Rf3+ Kg7 37.Qe7 {when White should also win.} ) 33.Qxf7 a3 34.Qa7 Qc1+ 35.Kh2 Qf4 36.Qb8+ Kd7 37.Qb5+ Kd8 38.Qxb4 h5 {There was no way out:} ( 38...Qxf6 39.Qb8+ Kd7 ( 39...Ke7 40.Qc7+ Ke6 ( 40...Kf8 41.Qxh7 ) 41.Rg7 ) 40.Rg7+ $1 Qxg7 41.Qb7+ Ke6 42.Qxg7 Ra8 43.Qb7 {and White wins.} ) 39.Qxd6+ Kc8 40.Qc6+ Kd8 41.f7 1-0